000 00586nam a2200229Ia 4500
005 20260320201233.0
008 008 262003s9999 xx 000 0 eng d
037 _aEBOOK
040 _aCRL
040 _beng
040 _cCRL
041 _2eng
041 _aeng
084 _qCRL
100 _aQuade
_91134560
245 4 _aThe Digital Big Bang: The Hard Stuff, the Soft Stuff, and the Future of Cybersecurity
260 _bIEEE
856 _uhttps://ieeexplore.ieee.org/servlet/opac?bknumber=9820847
942 _cEBOOK
999 _c1719889
_d1719889